<?xml version="1.0" encoding="UTF-8"?><marc:collection xmlns:marc="http://www.loc.gov/MARC21/slim">
  <marc:record>
    <marc:leader>06598nas a2200937 c 4500</marc:leader>
    <marc:controlfield tag="001">010057862</marc:controlfield>
    <marc:controlfield tag="003">DE-101</marc:controlfield>
    <marc:controlfield tag="005">20240528162354.0</marc:controlfield>
    <marc:controlfield tag="007">tu</marc:controlfield>
    <marc:controlfield tag="008">991118d19511985gw m||p|  ||| 0||||1ger c</marc:controlfield>
    <marc:datafield tag="015" ind1=" " ind2=" ">
      <marc:subfield code="a">79,A13,0089</marc:subfield>
      <marc:subfield code="2">dnb</marc:subfield>
    </marc:datafield>
    <marc:datafield tag="016" ind1="7" ind2=" ">
      <marc:subfield code="2">DE-600</marc:subfield>
      <marc:subfield code="a">3873-8</marc:subfield>
    </marc:datafield>
    <marc:datafield tag="016" ind1="7" ind2=" ">
      <marc:subfield code="2">DE-101</marc:subfield>
      <marc:subfield code="a">010057862</marc:subfield>
    </marc:datafield>
    <marc:datafield tag="022" ind1=" " ind2=" ">
      <marc:subfield code="a">0170-6411</marc:subfield>
    </marc:datafield>
    <marc:datafield tag="022" ind1=" " ind2=" ">
      <marc:subfield code="a">0170-6411</marc:subfield>
      <marc:subfield code="2">6</marc:subfield>
    </marc:datafield>
    <marc:datafield tag="035" ind1=" " ind2=" ">
      <marc:subfield code="a">(DE-599)ZDB3873-8</marc:subfield>
    </marc:datafield>
    <marc:datafield tag="035" ind1=" " ind2=" ">
      <marc:subfield code="a">(OCoLC)1367302677</marc:subfield>
    </marc:datafield>
    <marc:datafield tag="040" ind1=" " ind2=" ">
      <marc:subfield code="a">9001</marc:subfield>
      <marc:subfield code="b">ger</marc:subfield>
      <marc:subfield code="c">DE-101</marc:subfield>
      <marc:subfield code="d">9999</marc:subfield>
    </marc:datafield>
    <marc:datafield tag="041" ind1=" " ind2=" ">
      <marc:subfield code="a">ger</marc:subfield>
    </marc:datafield>
    <marc:datafield tag="042" ind1=" " ind2=" ">
      <marc:subfield code="a">zdb</marc:subfield>
    </marc:datafield>
    <marc:datafield tag="044" ind1=" " ind2=" ">
      <marc:subfield code="c">XA-DE</marc:subfield>
    </marc:datafield>
    <marc:datafield tag="082" ind1="7" ind2="4">
      <marc:subfield code="a">070</marc:subfield>
      <marc:subfield code="a">340</marc:subfield>
      <marc:subfield code="a">330</marc:subfield>
      <marc:subfield code="a">360</marc:subfield>
      <marc:subfield code="q">DE-600</marc:subfield>
      <marc:subfield code="2">22sdnb</marc:subfield>
    </marc:datafield>
    <marc:datafield tag="084" ind1=" " ind2=" ">
      <marc:subfield code="a">04a</marc:subfield>
      <marc:subfield code="a">05b</marc:subfield>
      <marc:subfield code="a">340</marc:subfield>
      <marc:subfield code="a">350</marc:subfield>
      <marc:subfield code="q">DE-101</marc:subfield>
      <marc:subfield code="2">sdnb</marc:subfield>
    </marc:datafield>
    <marc:datafield tag="084" ind1=" " ind2=" ">
      <marc:subfield code="a">3,61</marc:subfield>
      <marc:subfield code="2">ssgn</marc:subfield>
    </marc:datafield>
    <marc:datafield tag="222" ind1=" " ind2="0">
      <marc:subfield code="a">Deutsche Polizei</marc:subfield>
      <marc:subfield code="b">Ausg. Berlin</marc:subfield>
    </marc:datafield>
    <marc:datafield tag="245" ind1="0" ind2="0">
      <marc:subfield code="a">Deutsche Polizei</marc:subfield>
      <marc:subfield code="b">Zeitschrift der Gewerkschaft der Polizei</marc:subfield>
      <marc:subfield code="n">[...]</marc:subfield>
      <marc:subfield code="p">Ausgabe Berlin</marc:subfield>
      <marc:subfield code="c">Herausgeber Gewerkschaft der Polizei, Bundesvorstand</marc:subfield>
    </marc:datafield>
    <marc:datafield tag="246" ind1="1" ind2="3">
      <marc:subfield code="a">Deutsche Polizei &lt;Hilden&gt; / Ausgabe Berlin</marc:subfield>
    </marc:datafield>
    <marc:datafield tag="246" ind1="3" ind2=" ">
      <marc:subfield code="a">Deutsche Polizei / Landesbezirk Berlin</marc:subfield>
    </marc:datafield>
    <marc:datafield tag="246" ind1="3" ind2=" ">
      <marc:subfield code="a">Zeitschrift der Gewerkschaft der Polizei</marc:subfield>
    </marc:datafield>
    <marc:datafield tag="246" ind1="1" ind2=" ">
      <marc:subfield code="i">Titelzusatz früher</marc:subfield>
      <marc:subfield code="a">Zeitschrift der Gewerkschaft der Polizei</marc:subfield>
    </marc:datafield>
    <marc:datafield tag="247" ind1="0" ind2="0">
      <marc:subfield code="a">&#152;Die&#156; Polizei in Wort und Bild</marc:subfield>
      <marc:subfield code="f">Hauptsacht. 1.1951,1-6(Dez.)</marc:subfield>
    </marc:datafield>
    <marc:datafield tag="247" ind1="0" ind2="0">
      <marc:subfield code="a">Organ der Gewerkschaft der Polizei</marc:subfield>
      <marc:subfield code="f">Zusatz bis 1965</marc:subfield>
    </marc:datafield>
    <marc:datafield tag="247" ind1="0" ind2="0">
      <marc:subfield code="a">Fachzeitschrift und Organ der Gewerkschaft der Polizei</marc:subfield>
      <marc:subfield code="f">Nebent. ab 1986</marc:subfield>
    </marc:datafield>
    <marc:datafield tag="247" ind1="0" ind2="0">
      <marc:subfield code="a">Landesbezirk Berlin</marc:subfield>
      <marc:subfield code="f">Sachl. Benennung teils</marc:subfield>
    </marc:datafield>
    <marc:datafield tag="264" ind1="3" ind2="1">
      <marc:subfield code="a">Hilden</marc:subfield>
      <marc:subfield code="b">Deutsche Polizei GmbH</marc:subfield>
      <marc:subfield code="c">1951-[1985]</marc:subfield>
    </marc:datafield>
    <marc:datafield tag="264" ind1="2" ind2="1">
      <marc:subfield code="3">früher</marc:subfield>
      <marc:subfield code="a">Berlin</marc:subfield>
      <marc:subfield code="b">Gewerkschaft</marc:subfield>
    </marc:datafield>
    <marc:datafield tag="264" ind1="3" ind2="1">
      <marc:subfield code="3">-1976$hfrüher</marc:subfield>
      <marc:subfield code="a">Hilden</marc:subfield>
      <marc:subfield code="b">Verlagsanstalt Deutsche Polizei</marc:subfield>
      <marc:subfield code="c">1951-[1985]</marc:subfield>
    </marc:datafield>
    <marc:datafield tag="264" ind1="2" ind2="1">
      <marc:subfield code="3">früher</marc:subfield>
      <marc:subfield code="a">Koblenz</marc:subfield>
      <marc:subfield code="b">Alfa-Verlag Stromberg</marc:subfield>
    </marc:datafield>
    <marc:datafield tag="300" ind1=" " ind2=" ">
      <marc:subfield code="a">Bände</marc:subfield>
      <marc:subfield code="c">30 cm</marc:subfield>
    </marc:datafield>
    <marc:datafield tag="336" ind1=" " ind2=" ">
      <marc:subfield code="a">Text</marc:subfield>
      <marc:subfield code="b">txt</marc:subfield>
      <marc:subfield code="2">rdacontent</marc:subfield>
    </marc:datafield>
    <marc:datafield tag="337" ind1=" " ind2=" ">
      <marc:subfield code="a">ohne Hilfsmittel zu benutzen</marc:subfield>
      <marc:subfield code="b">n</marc:subfield>
      <marc:subfield code="2">rdamedia</marc:subfield>
    </marc:datafield>
    <marc:datafield tag="338" ind1=" " ind2=" ">
      <marc:subfield code="a">Band</marc:subfield>
      <marc:subfield code="b">nc</marc:subfield>
      <marc:subfield code="2">rdacarrier</marc:subfield>
    </marc:datafield>
    <marc:datafield tag="362" ind1="0" ind2=" ">
      <marc:subfield code="a">1.1951,1(Juli) - 2.1952; 1953 -34. Jahrgang, Nr. 6 (Juni 1985)</marc:subfield>
    </marc:datafield>
    <marc:datafield tag="363" ind1="0" ind2="0">
      <marc:subfield code="8">1.1\x</marc:subfield>
      <marc:subfield code="a">1</marc:subfield>
      <marc:subfield code="b">1</marc:subfield>
      <marc:subfield code="i">1951</marc:subfield>
    </marc:datafield>
    <marc:datafield tag="363" ind1="1" ind2="0">
      <marc:subfield code="8">1.2\x</marc:subfield>
      <marc:subfield code="a">2</marc:subfield>
      <marc:subfield code="i">1952</marc:subfield>
    </marc:datafield>
    <marc:datafield tag="363" ind1="0" ind2="0">
      <marc:subfield code="8">2.1\x</marc:subfield>
      <marc:subfield code="i">1953</marc:subfield>
    </marc:datafield>
    <marc:datafield tag="363" ind1="1" ind2="0">
      <marc:subfield code="8">2.2\x</marc:subfield>
      <marc:subfield code="a">34</marc:subfield>
      <marc:subfield code="b">6</marc:subfield>
      <marc:subfield code="j">6</marc:subfield>
      <marc:subfield code="i">1985</marc:subfield>
    </marc:datafield>
    <marc:datafield tag="515" ind1=" " ind2=" ">
      <marc:subfield code="a">Ersch. monatl.</marc:subfield>
    </marc:datafield>
    <marc:datafield tag="591" ind1=" " ind2=" ">
      <marc:subfield code="a">101b!(24-05-22)Split zw. ZRT u. DNB bespr., Abl. bei Ausg. Rheinland-Pfalz</marc:subfield>
    </marc:datafield>
    <marc:datafield tag="610" ind1="2" ind2=" ">
      <marc:subfield code="8">3\p</marc:subfield>
      <marc:subfield code="0">(DE-588)2012272-X</marc:subfield>
      <marc:subfield code="0">https://d-nb.info/gnd/2012272-X</marc:subfield>
      <marc:subfield code="0">(DE-101)004715276</marc:subfield>
      <marc:subfield code="a">Gewerkschaft der Polizei</marc:subfield>
      <marc:subfield code="2">gnd</marc:subfield>
    </marc:datafield>
    <marc:datafield tag="650" ind1=" " ind2="7">
      <marc:subfield code="a">Gewerkschaft der Polizei</marc:subfield>
      <marc:subfield code="2">local</marc:subfield>
    </marc:datafield>
    <marc:datafield tag="650" ind1=" " ind2="7">
      <marc:subfield code="a">Polizei</marc:subfield>
      <marc:subfield code="2">local</marc:subfield>
    </marc:datafield>
    <marc:datafield tag="650" ind1=" " ind2="7">
      <marc:subfield code="8">4\p</marc:subfield>
      <marc:subfield code="0">(DE-588)4046595-0</marc:subfield>
      <marc:subfield code="0">https://d-nb.info/gnd/4046595-0</marc:subfield>
      <marc:subfield code="0">(DE-101)040465950</marc:subfield>
      <marc:subfield code="a">Polizei</marc:subfield>
      <marc:subfield code="2">gnd</marc:subfield>
    </marc:datafield>
    <marc:datafield tag="651" ind1=" " ind2="7">
      <marc:subfield code="a">Berlin</marc:subfield>
      <marc:subfield code="2">local</marc:subfield>
    </marc:datafield>
    <marc:datafield tag="651" ind1=" " ind2="7">
      <marc:subfield code="8">5\p</marc:subfield>
      <marc:subfield code="0">(DE-588)4005728-8</marc:subfield>
      <marc:subfield code="0">https://d-nb.info/gnd/4005728-8</marc:subfield>
      <marc:subfield code="0">(DE-101)040057283</marc:subfield>
      <marc:subfield code="a">Berlin</marc:subfield>
      <marc:subfield code="2">gnd</marc:subfield>
    </marc:datafield>
    <marc:datafield tag="655" ind1=" " ind2="7">
      <marc:subfield code="0">(DE-588)4067488-5</marc:subfield>
      <marc:subfield code="0">https://d-nb.info/gnd/4067488-5</marc:subfield>
      <marc:subfield code="0">(DE-101)040674886</marc:subfield>
      <marc:subfield code="a">Zeitschrift</marc:subfield>
      <marc:subfield code="2">gnd-content</marc:subfield>
    </marc:datafield>
    <marc:datafield tag="710" ind1="2" ind2=" ">
      <marc:subfield code="0">(DE-588)2012272-X</marc:subfield>
      <marc:subfield code="0">https://d-nb.info/gnd/2012272-X</marc:subfield>
      <marc:subfield code="0">(DE-101)004715276</marc:subfield>
      <marc:subfield code="a">Gewerkschaft der Polizei</marc:subfield>
      <marc:subfield code="e">Herausgebendes Organ</marc:subfield>
      <marc:subfield code="4">isb</marc:subfield>
      <marc:subfield code="2">gnd</marc:subfield>
    </marc:datafield>
    <marc:datafield tag="710" ind1="2" ind2=" ">
      <marc:subfield code="0">(DE-588)2042046-8</marc:subfield>
      <marc:subfield code="0">https://d-nb.info/gnd/2042046-8</marc:subfield>
      <marc:subfield code="0">(DE-101)004965663</marc:subfield>
      <marc:subfield code="a">Gewerkschaft der Polizei</marc:subfield>
      <marc:subfield code="b">Landesbezirk Berlin</marc:subfield>
      <marc:subfield code="e">Herausgebendes Organ</marc:subfield>
      <marc:subfield code="4">isb</marc:subfield>
      <marc:subfield code="2">gnd</marc:subfield>
    </marc:datafield>
    <marc:datafield tag="751" ind1=" " ind2=" ">
      <marc:subfield code="0">(DE-588)4069304-1</marc:subfield>
      <marc:subfield code="0">https://d-nb.info/gnd/4069304-1</marc:subfield>
      <marc:subfield code="0">(DE-101)04069304X</marc:subfield>
      <marc:subfield code="a">Berlin</marc:subfield>
      <marc:subfield code="e">Verbreitungsort</marc:subfield>
      <marc:subfield code="g">West</marc:subfield>
      <marc:subfield code="4">dbp</marc:subfield>
      <marc:subfield code="2">gnd</marc:subfield>
    </marc:datafield>
    <marc:datafield tag="751" ind1=" " ind2=" ">
      <marc:subfield code="0">(DE-588)4005728-8</marc:subfield>
      <marc:subfield code="0">https://d-nb.info/gnd/4005728-8</marc:subfield>
      <marc:subfield code="0">(DE-101)040057283</marc:subfield>
      <marc:subfield code="a">Berlin</marc:subfield>
      <marc:subfield code="e">Verbreitungsort</marc:subfield>
      <marc:subfield code="4">dbp</marc:subfield>
      <marc:subfield code="2">gnd</marc:subfield>
    </marc:datafield>
    <marc:datafield tag="780" ind1="0" ind2="0">
      <marc:subfield code="i">Fortsetzung von</marc:subfield>
      <marc:subfield code="t">&#152;Die&#156; Berliner Polizei</marc:subfield>
      <marc:subfield code="d">Berlin : [Verlag nicht ermittelbar], 1949-1951</marc:subfield>
      <marc:subfield code="w">(DE-600)536941-1</marc:subfield>
      <marc:subfield code="w">(DE-101)012899844</marc:subfield>
    </marc:datafield>
    <marc:datafield tag="785" ind1="0" ind2="0">
      <marc:subfield code="i">Fortgesetzt durch</marc:subfield>
      <marc:subfield code="t">Deutsche Polizei</marc:subfield>
      <marc:subfield code="d">Hilden : Verlag Deutsche Polizeiliteratur GmbH, [1985]-</marc:subfield>
      <marc:subfield code="h">Bände</marc:subfield>
      <marc:subfield code="x">2751-5656</marc:subfield>
      <marc:subfield code="w">(DE-600)3120064-3</marc:subfield>
      <marc:subfield code="w">(DE-101)1258216442</marc:subfield>
      <marc:subfield code="b">B</marc:subfield>
    </marc:datafield>
    <marc:datafield tag="787" ind1="0" ind2="8">
      <marc:subfield code="i">In Beziehung stehendes Werk</marc:subfield>
      <marc:subfield code="t">Deutsche Polizei &lt;Hilden&gt; / Bundesausgabe. [Bundesausgabe]</marc:subfield>
      <marc:subfield code="d">Hilden : Verl. Dt. Polizeiliteratur, 1953-</marc:subfield>
      <marc:subfield code="x">0949-2844</marc:subfield>
      <marc:subfield code="w">(DE-600)535166-2</marc:subfield>
      <marc:subfield code="w">(DE-101)012883573</marc:subfield>
    </marc:datafield>
    <marc:datafield tag="787" ind1="0" ind2="8">
      <marc:subfield code="i">In Beziehung stehendes Werk</marc:subfield>
      <marc:subfield code="a">Polizeiversicherungsverein &lt;Berlin, West&gt;</marc:subfield>
      <marc:subfield code="t">Nachrichten aus dem Polizeiversicherungsverein auf Gegenseitigkeit</marc:subfield>
      <marc:subfield code="d">Berlin : [Verlag nicht ermittelbar], 1964-1965</marc:subfield>
      <marc:subfield code="w">(DE-600)1021843-9</marc:subfield>
      <marc:subfield code="w">(DE-101)015545857</marc:subfield>
    </marc:datafield>
    <marc:datafield tag="787" ind1="0" ind2="8">
      <marc:subfield code="i">In Beziehung stehendes Werk</marc:subfield>
      <marc:subfield code="t">Deutsche Polizei &lt;Hilden&gt; / Ausgabe Bremen. Ausgabe Bremen</marc:subfield>
      <marc:subfield code="d">Hilden : Verlag Deutsche Polizei GmbH, 1976-[1985]</marc:subfield>
      <marc:subfield code="h">Bände</marc:subfield>
      <marc:subfield code="x">0170-642X</marc:subfield>
      <marc:subfield code="w">(DE-600)2119046-X</marc:subfield>
      <marc:subfield code="w">(DE-101)025070118</marc:subfield>
    </marc:datafield>
    <marc:datafield tag="787" ind1="0" ind2="8">
      <marc:subfield code="i">In Beziehung stehendes Werk</marc:subfield>
      <marc:subfield code="t">Deutsche Polizei &lt;Hilden&gt; / Ausgabe Schleswig-Holstein. Ausgabe Schleswig-Holstein</marc:subfield>
      <marc:subfield code="d">Hilden : Verlag Deutsche Polizei GmbH, 1955-[1985]</marc:subfield>
      <marc:subfield code="h">Bände</marc:subfield>
      <marc:subfield code="x">0170-6497</marc:subfield>
      <marc:subfield code="w">(DE-600)536960-5</marc:subfield>
      <marc:subfield code="w">(DE-101)012900028</marc:subfield>
    </marc:datafield>
    <marc:datafield tag="787" ind1="0" ind2="8">
      <marc:subfield code="i">In Beziehung stehendes Werk</marc:subfield>
      <marc:subfield code="t">Deutsche Polizei &lt;Hilden&gt; / Ausgabe Saarland. Ausgabe Saarland</marc:subfield>
      <marc:subfield code="d">Hilden : Verlag Deutsche Polizei GmbH, 1955-[1985]</marc:subfield>
      <marc:subfield code="h">Bände</marc:subfield>
      <marc:subfield code="x">0170-6489</marc:subfield>
      <marc:subfield code="w">(DE-600)208961-0</marc:subfield>
      <marc:subfield code="w">(DE-101)011208503</marc:subfield>
    </marc:datafield>
    <marc:datafield tag="787" ind1="0" ind2="8">
      <marc:subfield code="i">In Beziehung stehendes Werk</marc:subfield>
      <marc:subfield code="t">Deutsche Polizei &lt;Hilden&gt; / Ausgabe Rheinland-Pfalz. Ausgabe Rheinland-Pfalz</marc:subfield>
      <marc:subfield code="d">Hilden : Verlag Deutsche Polizei GmbH, 1952-[1985]</marc:subfield>
      <marc:subfield code="h">Bände</marc:subfield>
      <marc:subfield code="x">0170-6470</marc:subfield>
      <marc:subfield code="w">(DE-600)536959-9</marc:subfield>
      <marc:subfield code="w">(DE-101)01290001X</marc:subfield>
    </marc:datafield>
    <marc:datafield tag="787" ind1="0" ind2="8">
      <marc:subfield code="i">In Beziehung stehendes Werk</marc:subfield>
      <marc:subfield code="t">Deutsche Polizei &lt;Hilden&gt; / Ausgabe Hessen. Ausgabe Hessen</marc:subfield>
      <marc:subfield code="d">Hilden : Verlag Deutsche Polizei GmbH, 1952-[1985]</marc:subfield>
      <marc:subfield code="h">Bände</marc:subfield>
      <marc:subfield code="x">0170-6446</marc:subfield>
      <marc:subfield code="w">(DE-600)536943-5</marc:subfield>
      <marc:subfield code="w">(DE-101)012899860</marc:subfield>
    </marc:datafield>
    <marc:datafield tag="787" ind1="0" ind2="8">
      <marc:subfield code="i">In Beziehung stehendes Werk</marc:subfield>
      <marc:subfield code="t">Deutsche Polizei &lt;Hilden&gt; / Ausgabe Bayern. Ausgabe Bayern</marc:subfield>
      <marc:subfield code="d">Hilden : Verlag Deutsche Polizei GmbH, 1953-[1985]</marc:subfield>
      <marc:subfield code="h">Bände</marc:subfield>
      <marc:subfield code="x">0170-639X</marc:subfield>
      <marc:subfield code="w">(DE-600)536939-3</marc:subfield>
      <marc:subfield code="w">(DE-101)012899836</marc:subfield>
    </marc:datafield>
    <marc:datafield tag="787" ind1="0" ind2="8">
      <marc:subfield code="i">In Beziehung stehendes Werk</marc:subfield>
      <marc:subfield code="t">Deutsche Polizei &lt;Hilden&gt; / Ausgabe Baden-Württemberg. Ausgabe Baden-Württemberg</marc:subfield>
      <marc:subfield code="d">Hilden : Verlag Deutsche Polizei GmbH, 1953-[1985]</marc:subfield>
      <marc:subfield code="h">Bände</marc:subfield>
      <marc:subfield code="x">0170-6381</marc:subfield>
      <marc:subfield code="w">(DE-600)536938-1</marc:subfield>
      <marc:subfield code="w">(DE-101)012899828</marc:subfield>
    </marc:datafield>
    <marc:datafield tag="787" ind1="0" ind2="8">
      <marc:subfield code="i">In Beziehung stehendes Werk</marc:subfield>
      <marc:subfield code="t">Deutsche Polizei &lt;Hilden&gt; / Ausgabe Nordrhein-Westfalen. Ausgabe Nordrhein-Westfalen</marc:subfield>
      <marc:subfield code="d">Hilden : Verlag Deutsche Polizei GmbH, 1952-1985</marc:subfield>
      <marc:subfield code="h">Bände</marc:subfield>
      <marc:subfield code="x">0170-6462</marc:subfield>
      <marc:subfield code="w">(DE-600)536954-X</marc:subfield>
      <marc:subfield code="w">(DE-101)012899968</marc:subfield>
    </marc:datafield>
    <marc:datafield tag="787" ind1="0" ind2="8">
      <marc:subfield code="i">In Beziehung stehendes Werk</marc:subfield>
      <marc:subfield code="t">Deutsche Polizei &lt;Hilden&gt; / Ausgabe Niedersachsen. Ausgabe Niedersachsen</marc:subfield>
      <marc:subfield code="d">Hilden : Verlag Deutsche Polizei GmbH, 1952-[1985]</marc:subfield>
      <marc:subfield code="h">Bände</marc:subfield>
      <marc:subfield code="x">0170-6454</marc:subfield>
      <marc:subfield code="w">(DE-600)536946-0</marc:subfield>
      <marc:subfield code="w">(DE-101)012899887</marc:subfield>
    </marc:datafield>
    <marc:datafield tag="787" ind1="0" ind2="8">
      <marc:subfield code="i">In Beziehung stehendes Werk</marc:subfield>
      <marc:subfield code="t">Deutsche Polizei &lt;Hilden&gt; / Ausgabe Hamburg und Schleswig-Holstein. Ausgabe Hamburg und Schleswig-Holstein</marc:subfield>
      <marc:subfield code="d">Hilden : Verl.-Anst. Dt. Polizei, 1951-1955</marc:subfield>
      <marc:subfield code="w">(DE-600)536942-3</marc:subfield>
      <marc:subfield code="w">(DE-101)012899852</marc:subfield>
    </marc:datafield>
    <marc:datafield tag="850" ind1=" " ind2=" ">
      <marc:subfield code="a">DE-101a</marc:subfield>
      <marc:subfield code="a">DE-101b</marc:subfield>
    </marc:datafield>
    <marc:datafield tag="883" ind1="1" ind2=" ">
      <marc:subfield code="8">3\p</marc:subfield>
      <marc:subfield code="a">kasw</marc:subfield>
      <marc:subfield code="c">1,000</marc:subfield>
      <marc:subfield code="d">20230807</marc:subfield>
      <marc:subfield code="q">DE-101</marc:subfield>
      <marc:subfield code="u">https://d-nb.info/provenance/plan#kasw</marc:subfield>
    </marc:datafield>
    <marc:datafield tag="883" ind1="1" ind2=" ">
      <marc:subfield code="8">4\p</marc:subfield>
      <marc:subfield code="a">kasw</marc:subfield>
      <marc:subfield code="c">1,000</marc:subfield>
      <marc:subfield code="d">20230807</marc:subfield>
      <marc:subfield code="q">DE-101</marc:subfield>
      <marc:subfield code="u">https://d-nb.info/provenance/plan#kasw</marc:subfield>
    </marc:datafield>
    <marc:datafield tag="883" ind1="1" ind2=" ">
      <marc:subfield code="8">5\p</marc:subfield>
      <marc:subfield code="a">kasw</marc:subfield>
      <marc:subfield code="c">1,000</marc:subfield>
      <marc:subfield code="d">20230807</marc:subfield>
      <marc:subfield code="q">DE-101</marc:subfield>
      <marc:subfield code="u">https://d-nb.info/provenance/plan#kasw</marc:subfield>
    </marc:datafield>
    <marc:datafield tag="889" ind1=" " ind2=" ">
      <marc:subfield code="w">(DE-101)550367756</marc:subfield>
    </marc:datafield>
    <marc:datafield tag="925" ind1="r" ind2=" ">
      <marc:subfield code="a">ra</marc:subfield>
    </marc:datafield>
    <marc:datafield tag="930" ind1=" " ind2=" ">
      <marc:subfield code="a">Ausgabe Berlin</marc:subfield>
    </marc:datafield>
  </marc:record>
</marc:collection>
